000 00629nam a2200265Ia 4500
005 20260121170026.0
008 008 260114s9999 xx 000 0 eng d
020 _a9783319123349
037 _aEBOOK
040 _aCRL
040 _beng
040 _cCRL
041 _2eng
041 _aeng
084 _qCRL
100 _aFaizal Bux, Yusuf Chisti
_91058895
245 0 _aAlgae Biotechnology
260 _bSpringer
260 _bSpringer
260 _c2016
856 _uhttps://link.springer.com/openurl?genre=book&isbn=978-3-319-12334-9
942 _cEBOOK
999 _c1624624
_d1624624